Next sex : sex in the age of its procreative superfluousness = sex im Zeitalter seiner reproduktionstechnischen Uberflussigkeit
Saved in:
| Corporate Author: | |
|---|---|
| Other Authors: | , |
| Format: | Book |
| Language: | English German |
| Published: |
Wien :
Springer,
c2000
|
| Subjects: | |
| Tags: |
Add Tag
No Tags, Be the first to tag this record!
|
MARC
| LEADER | 00000nam a2200000 i 4500 | ||
|---|---|---|---|
| 001 | 1/54979 | ||
| 008 | 070917s2000 eng d | ||
| 020 | |a 3-211-83499-0 | ||
| 035 | |l 10090732 | ||
| 040 | |a GR-MY-UA |b gre |e aacr | ||
| 041 | 0 | |a eng |a ger | |
| 082 | 0 | |a 700.105 |2 (22) | |
| 110 | 2 | |a Ars Electronica. | |
| 245 | 1 | 0 | |a Next sex : |b sex in the age of its procreative superfluousness = sex im Zeitalter seiner reproduktionstechnischen Uberflussigkeit / |c Ars Electronica ; herausgegeben von Gerfried Stocker und Christine Schopf |
| 260 | |a Wien : |b Springer, |c c2000 | ||
| 300 | |a 415 σ.; |b έγχρ. εικ.; |c 24 εκ. | ||
| 650 | 0 | 0 | |a Technology and the arts |x Congresses. |
| 650 | 0 | 0 | |a Sex |x Social aspects. |
| 650 | 0 | 0 | |a Biotechnology |x Social aspects |x Congresses. |
| 650 | 0 | 0 | |a Genetic engineering |x Social aspects. |
| 650 | 0 | 0 | |a Art and science |x Congresses. |
| 700 | 1 | |a Stocker, Gerfried. |4 edt | |
| 700 | 1 | |a Schopf, Christine. |4 edt | |
| 852 | |a INST |b SYROS |e 20070917 |h 700.105 ARS |p 005500007513 |q 005500007513 |t BK |y 0 | ||
| 901 | |a BIBL5-2007-3 | ||
| 909 | |a Ε |b 133113 | ||
| 922 | |a 5ΕΛΗ |b 200605 |c ΒΙΒΛΙΟΘΗΚΗ ΣΥΡΟΥ |d ΜΙΧΑΛΟΠΟΥΛΟΣ | ||
| 970 | |a ΚΑΓΙΑΒΑ |b ΕΙΡΗΝΗ |z 2007/09/17 | ||